000 00568nam a2200241Ia 4500
003 OSt
005 20250606094040.0
008 210719s2003 xx 000 0 und d
020 _a0632052937
040 _cAL
041 _aeng
082 _a546 LEEC
100 _aLEE (J D)
_9213036
245 _aConcise inorganic chemistry Ed 5
250 _a5
260 _aLondon
_c2003
300 _axxxv,1032
_bPB
365 _b495
_cRs
650 _aChemistry
_9213037
650 _aInorganic Chemistry
_9213038
906 _aInorganic Chemistry
942 _2ddc
_cBK
999 _c213778
_d213778